000
00346nam a2200133Ia 4500
008
151001s9999||||xx |||||||||||||| ||und||
100
_a
दुर्गा - भागवत
245
_a
पूर्वा
250
_a
1
260
_b
व्हीनस प्रकाशन पुणे
260
_c
1957
300
_a
136
365
_b
8
999
_c
950188
_d
950185